000 00568nam a2200217Ia 4500
005 20250508165034.0
008 008 250505s9999 xx 000 0 eng d
020 _a0-8039-8323-9
037 _aTextual
040 _aFEDL
_beng
_cFEDL
041 _aeng
_2eng
084 _a657, FRA
_qFEDL
100 _aFrancis D Pitt
245 0 _aNumeracy and accounting
260 _aLondon, UK
_bHolt, Rinehart and Winston
_c1981
300 _aviii,342p.
365 _aGBP
_b4.95
546 _aMACESE
942 _cTEXL
_h657, FRA
999 _c1392793
_d1392793